Heroes & Villains - Metro Boomin - Statistics

General Stats
  • This quiz has been taken 37 times
  • The average score is 12 of 15
Answer Stats
Songs Plays Artists % Correct
Superhero (Heroes & Villains) 961,529,184 Metro Boomin, Chris Brown, Future
100%
Too Many Nights 1,070,102,779 Metro Boomin, Future, Don Toliver
93%
Trance 982,486,705 Metro Boomin, Travis Scott, Young Thug
93%
Creepin' 1,661,246,919 Metro Boomin, The Weeknd, 21 Savage
90%
Metro Spider 144,010,545 Metro Boomin, Young Thug
86%
Around Me 408,623,084 Metro Boomin, Don Toliver
83%
On Time 129,899,028 Metro Boomin, John Legend
83%
Feel The Fiyaaaah 145,726,995 Metro Boomin, A$AP Rocky, Takeoff
79%
I Can't Save You (Interlude) 241,936,681 Metro Boomin, Future, Don Toliver
79%
Raindrops (Insane) 276,666,638 Metro Boomin, Travis Scott
79%
Umbrella 173,011,032 Metro Boomin, 21 Savage, Young Nudy
76%
Niagara Falls (Foot or 2) 431,980,733 Metro Boomin, Travis Scott, 21 Savage
72%
Walk Em Down (Don't Kill Civilians) 111,432,900 Metro Boomin, 21 Savage, Mustafa the Poet
69%
All The Money [Bonus] 99,677,774 Metro Boomin, Gunna
59%
Lock On Me 87,839,155 Metro Boomin, Travis Scott, Future
52%
No matching quizzes found
Score Distribution
Percent of People with Each Score
Percentile by Number Answered
Your Score History
You have not taken this quiz